000 00325nam a22001457a 4500
008 230324b ||||| |||| 00| 0 eng d
020 _a9780803611535
041 _aeng
080 _2NINTH EDITION
_a61
082 _a61DAV
100 _a4
101 _aMJEKSI
245 _aDAVI'S DRUG GUIDE
_cDEGLIN.H.J
942 _2udc
_cBK
999 _c59450
_d59450